000 01231cam a2200373 a 4500
003 CHAP
005 20220329142142.0
008 000118d1994 mx r 00100 spa d
010 _a79255
011 _a80227
035 _a90676
040 _cCHAP
090 _aFolleto 15527 (1994)
100 0 0 _aZavala Zavala, David.
_9123813
245 0 _aControl de calidad en la industria de aserrio y su aserrio y su repercusión económica
_c/por David Zavala Zavala
250 _a2 ed.
260 _aMéxico, D. F. :
_bINIFAP. División Forestal,
_c1994.
300 _a48 p.
410 _aINIFAP. División Forestal
490 0 _aBoletín técnico
_v; 115
590 _aBATCH-UPD
_b10
_c20130110
_lUCH01
_h1451
590 _aBATCH-UPD
_b10
_c20130410
_lUCH01
_h0918
590 _aBATCH-UPD
_b10
_c20130914
_lUCH01
_h0418
590 _aCONVERSION
_b10
_c20130109
_lUCH01
_h1344
650 1 4 _aAserraderos.
_97892
650 1 4 _aCalidad
_xControl de la.
_917484
650 1 4 _aIndustria maderera.
_957872
810 0 0 _aINIFAP. División Forestal
_958713
830 0 _aBoletín técnico
_v; 115
_913560
901 _aBK
905 _aLilia Sánchez G.
942 _cFOLL
949 _aFolleto 15527 (1994)
_bBC
_cFOLL
_d906761
_eTS1
_i90676
_sb
999 _c79255
_d79255